[Event "Canovelles op-B"]
[Site "Canovelles"]
[Date "1999.??.??"]
[Round "2"]
[White "Almenta Palomo, Antonio"]
[Black "Dorado Dominguez, F."]
[Result "1/2-1/2"]
[WhiteElo "1800"]
[BlackElo "1700"]
[PlyCount "34"]
[EventDate "1999.??.??"]
[EventType "swiss"]
[EventRounds "9"]
[EventCountry "ESP"]
[SourceTitle "EXT 2000"]
[Source "ChessBase"]
[SourceDate "1999.11.16"]
[SourceVersion "1"]
[SourceVersionDate "1999.11.16"]
[SourceQuality "1"]

1. c4 g6 2. e3 Bg7 3. Ne2 d6 4. g3 d5 5. Bg2 e6 6. Nbc3 Bxc3 7. Nxc3 d4 8. exd4 Qxd4 9. b3 Bd7 10. Bxb7 Bc6 11. Bxa8 Bxa8 12. 0-0 Nd7 13. Bb2 Ngf6 14. Qe2 Ne5 15. Nd5 Qxb2 16. Nxc7+ Ke7 17. Nxa8 Rxa8 1/2-1/2

[Event "Canovelles op-B"]
[Site "Canovelles"]
[Date "1999.??.??"]
[Round "4"]
[White "Jordan Tanco, Y."]
[Black "Dorado Dominguez, F."]
[Result "0-1"]
[WhiteElo "1700"]
[BlackElo "1700"]
[PlyCount "33"]
[EventDate "1999.??.??"]
[EventType "swiss"]
[EventRounds "9"]
[EventCountry "ESP"]
[SourceTitle "EXT 2000"]
[Source "ChessBase"]
[SourceDate "1999.11.16"]
[SourceVersion "1"]
[SourceVersionDate "1999.11.16"]
[SourceQuality "1"]

1. e4 e5 2. Nf3 Nc6 3. Bc4 Bc5 4. Nc3 Nh6 5. 0-0 d6 6. h3 Nd4 7. d3 c6 8. Bg5 Nxf3+ 9. Qxf3 Qxg5 10. Kh1 Qh4 11. Qg3 g5 12. Qxh4 gxh4 13. Ne2 f5 14. exf5 Bxf5 15. Rae1 0-0-0 16. Nc3 Bd4 17. Nd1 0-1